the cold war - Statistics

General Stats
  • This quiz has been taken 78 times
  • The average score is 21 of 58
Answer Stats
Hint Answer % Correct
1st conference with the "big three" Yalta
82%
33rd president, unprepared truman
78%
April 1945 president ___ dies Roosevelt
76%
1949: 12 nation alliance to protect e/ other in event of a war NATO
71%
the _-bomb is developed H
69%
sec of state Marshall
58%
Stalin did not support what country's pre war gov. poland
58%
Conflicting goals where brought out at this conference Potsdam
58%
1952 ___ takes office Eisenhower
56%
U.S., Brit. & France merge occupation zones in Germany creating west Germany
53%
this begins the ___ in 1950 Korean war
49%
int’l peacekeeping organization united nations
49%
Churchill description division of Communist & non-Communist life. iron curtain
47%
European nations draw up econ. recovery prog. & U.S. support it financially. Marshall plan
47%
us policy of stopping the spread of communism containment
44%
Truman sent ___ to lead UN troops in Korea. MacArthur
44%
S.U. response to NATO: S.U. & sat. nation mutual military assistance agreement Warsaw pact
44%
Amer./Br. planes supply blocked W. Berlin. berlin airlift
42%
N. Korean troops
stormed into S. Korea to take it by force. N. Kor.
Captured S. Kor. Capitol of ____
Seoul
42%
in order for communism to survive it must spread
42%
famous scientist is investigated Oppenheimer
40%
countries subject to Soviet domination to act as buffer against attacks satellite states
40%
how long was the cold war 46 years
38%
Egypt ruler Gamal Abdel Nasser
38%
Chinas communistic leader(winner) Mao Zedong
38%
Sov. used rocket to launch 1st artificial satellite to orbit Earth: Amer. fear raised. Sputnik
38%
a cease fire was signed in 1953
36%
defensive alliance to stop spread of communism SEATO
36%
1947 speech asking Congress to allow U.S. to take leadership role in world and protect nations threatened by communism. Truman doctrine
36%
*struggle to gain weapons control arms race
33%
created in 1947, Ike used it for covert operations to protect Amer. interests CIA
33%
Chinese/ N. Korean forces drove UN forces back into S. Korea creating a stalemate
33%
costed the us about ___in Europe 13 billion
31%
macarthur wants to open a second front
31%
Stalin demanded how much from Germany 20 billion
29%
S.U. created communist E. Germany. blocking____ to Allied access. west berlin
27%
who called for us help while fighting comm control Greece & Turkey
24%
Sect. State for ike John Foster Dulles
24%
*risking war to protect Amer. interests Massive retaliation
24%
Nat’l Defense Ed. Act: create more scientists and teacher’s of science, this leads to the creation of NASA
24%
Communist party
members accused and convicted of passing
atomic bomb secrets to Soviets (Julius and Ethel)
rosenburgs
24%
(1956) Nasser responded by capturing Br. owned Suez canal. Suez crisis
24%
govt. agent found guilty Alger Hiss
22%
*military power of U.S. & allies made so strong that no power would attack for fear of retaliation. deterrence
22%
two countries who remained independent of S.U. control Finland & Yugoslavia
22%
refused to answer HUAC ques.: served jail sentences and blacklisted. Hollywood ten
22%
soviets create ____ to elimate planes carring bobs ICBM
22%
1953 soviet leader ____ takes over Khrushchev
22%
build a stronnger nuclear arsenal
22%
(1960): Amer. spy plane shot down 15 m. in sky by Sov. guided missile. u-2 incident
22%
mutual military assist. Collective Security:
20%
illegal to teach/advocate violent overthrow of U.S. govt. HUAC
18%
U.S. acted to support pro-Amer. govt. here Latin America
18%
U.S. would use force to protect M.E. nations request. help against Comm. influence Eisenhower doctrine
16%
china nationalist leader Jiang Jieshi
16%
1952 quota discrim. against Communist nation immigrants. McCarren-Walter Act
16%
Korea was split at the 38th parliament
13%
illegal to teach/advocate violent overthrow of U.S. govt. smith act
13%
No matching quizzes found
Score Distribution
Percent of People with Each Score
Percentile by Number Answered
Your Score History
You have not taken this quiz